000 00742nam a2200217Ii 4500
003 JO-AjNU
008 230605s9999||||xx |||||||||||||| ||und||
017 _a1976/2142
040 _aJO-AjNU
_bara
_erda
_cJO-AjNU
041 _aara
050 1 4 _aHD6053.Q3.1976
100 3 _aاعداد:بثينة امين مرسي قنديل/أمنية محمد كاظم,
_eauthor
_99114
245 0 0 _aاتجاه الفتاه المتعلمة نحو عمل المرأة
250 _aط1
264 3 1 _aالقاهرة:مكتبة الانجلو المصرية،1976
300 _a126ص
336 _atext
_btxt
_2rdacontent
337 _aunmediated
_bn
_2rdamedia
338 _avolume
_bnc
_2rdacarrier
650 4 _aالمراة العاملة-مصر
_99115
999 _aA1133
_c4701
_d4701